000 00693nam a2200265Ia 4500
005 20260121172111.0
008 008 260114s9999 xx 000 0 eng d
020 _a9789811574665
037 _aEBOOK
040 _aCRL
040 _beng
040 _cCRL
041 _2eng
041 _aeng
084 _qCRL
100 _aM.B. Rajani
_91084273
245 0 _aPatterns in Past Settlements: Geospatial Analysis of Imprints of Cultural Heritage on Landscapes
260 _bSpringer
260 _bSpringer
260 _c2021
856 _uhttps://link.springer.com/openurl?genre=book&isbn=978-981-15-7466-5
942 _cEBOOK
999 _c1650007
_d1650007